书目信息 |
| 题名: |
异域的召唤
|
|
| 作者: | 卫茂平 著 | |
| 分册: | ||
| 出版信息: | 银川 宁夏人民出版社 2002 |
|
| 页数: | 26,404页 | |
| 开本: | 23cm | |
| 丛书名: | 跨文化丛书 | |
| 单 册: | ||
| 中图分类: | I206 , I516.06 , G04 | |
| 科图分类: | ||
| 主题词: | 比较文学 , 比较文学--中国--德国 , 传统文化 , 现代文化 , 传统文化--关系--现代文化 | |
| 电子资源: | ||
| ISBN: | 7-227-02413-X | |
| 000 | 01527oam2 2200361 450 | |
| 005 | 20070606210929.43 | |
| 010 | @a7-227-02413-X@dCNY27.80 | |
| 100 | @a20030117d2002 emky0chiy0110 ea | |
| 101 | 0 | @achi |
| 102 | @aCN@b640000 | |
| 105 | @aa z 000yy | |
| 200 | 1 | @a异域的召唤@Ayi yu de zhao huan@dDer Reiz des Fremden: Deutschsprachige Schriftsteller und Chinesische Kultur@e德国作家与中国文化@f卫茂平[等]著@zeng |
| 210 | @a银川@c宁夏人民出版社@d2002 | |
| 215 | @a26,404页@c照片@d23cm | |
| 225 | 2 | @a跨文化丛书@e外国作家与中国文化@i德国卷 |
| 300 | @a南京大学北京大学中国文化书院跨文化研究院合作项目 “十五”国家重点图书 | |
| 304 | @a著者还有:马佳欣, 郑霞 | |
| 314 | @a卫茂平(1954~),上海人,上海外国语大学德语专业教授、西方语学院院长,著有《异域的召唤:德国作家与中国文化》等。 | |
| 330 | @a本书由中国在西人眼中之形象的历史变迁说起,继之以对中国文化在德语文坛所留之濡染印痕的探寻,再及德国文学在中国的部分译介情况,呈示了中德文化大交响中的若干微小篇章。 | |
| 462 | 0 | @12001 @a外国作家与中国文化@i德国卷 |
| 510 | 1 | @aDer Reiz des Fremden@eDeutschsprachige Schriftsteller und Chinesische Kultur@zeng |
| 517 | 1 | @a德国作家与中国文化@Ade guo zuo jia yu zhong guo wen hua |
| 606 | 0 | @a比较文学 |
| 606 | 0 | @a比较文学@y中国@y德国 |
| 606 | 0 | @a传统文化 |
| 606 | 0 | @a现代文化 |
| 606 | 0 | @a传统文化@x关系@x现代文化 |
| 690 | @aI206@v4 | |
| 690 | @aI516.06@v4 | |
| 690 | @aG04@v3 | |
| 701 | 0 | @a卫茂平@Awei mao ping@4著 |
| 801 | 0 | @aCN@bTAOJIN新华发行集团公司@c20070606 |
| 905 | @a10447@dG04@e68 | |
| 异域的召唤=Der Reiz des Fremden: Deutschsprachige Schriftsteller und Chinesische Kultur:德国作家与中国文化/卫茂平[等]著.-银川:宁夏人民出版社,2002 |
| 26,404页:照片;23cm.-(跨文化丛书:外国作家与中国文化.德国卷) |
| 南京大学北京大学中国文化书院跨文化研究院合作项目 “十五”国家重点图书 |
| ISBN 7-227-02413-X:CNY27.80 |
| 本书由中国在西人眼中之形象的历史变迁说起,继之以对中国文化在德语文坛所留之濡染印痕的探寻,再及德国文学在中国的部分译介情况,呈示了中德文化大交响中的若干微小篇章。 |
| ● |
| 相关链接 |
|
|
|
|
正题名:异域的召唤
索取号:G04/68
 
预约/预借
| 序号 | 登录号 | 条形码 | 馆藏地/架位号 | 状态 | 备注 |
| 1 | 0527212 | 205272122 | 第一样本阅览室/ [索取号:G04/68] | 在馆 | |
| 2 | 0527213 | 205272131 | 第四借阅区/ [索取号:G04/68] | 在馆 | |
| 3 | 0527214 | 205272140 | 第四借阅区/ [索取号:G04/68] | 在馆 |